[Event "London Chess Classic: Blitz C"]
[Site "London"]
[Date "2019.12.08"]
[Round "10"]
[White "Jones, Gawain C B"]
[Black "Stamatopoulos, Apostolos"]
[Result "1-0"]
[WhiteElo "2649"]
[BlackElo "1923"]
[PlyCount "41"]
[EventDate "2019.12.08"]
[EventType "swiss (blitz)"]
[EventRounds "11"]
[EventCountry "ENG"]
[SourceTitle "EXT 2021"]
[Source "ChessBase"]
[SourceDate "2020.10.23"]
[SourceVersion "1"]
[SourceVersionDate "2020.10.23"]
[SourceQuality "1"]

1. d4 Nf6 2. Bg5 c5 3. d5 Qb6 4. Nc3 Qxb2 5. Bd2 Qb6 6. e4 d6 7. a4 g6 8. f4 Bg7 9. Bb5+ Bd7 10. e5 dxe5 11. fxe5 Ng8 12. Nf3 a6 13. a5 Qc7 14. Bc4 Bg4 15. d6 exd6 16. Nd5 Qc6 17. Bb3 Bxe5 18. Ba4 Bxa1 19. Qxa1 Qxa4 20. Qxa4+ Nc6 21. Qxg4 1-0

[Event "GRE CupT final 35th"]
[Site "Rio Achaia"]
[Date "2017.07.01"]
[Round "1"]
[White "Mitsis, Georgios"]
[Black "Stamatopoulos, Apostolos"]
[Result "1-0"]
[WhiteElo "2278"]
[BlackElo "1808"]
[PlyCount "87"]
[EventDate "2017.07.01"]
[EventType "team-k.o."]
[EventRounds "5"]
[EventCountry "GRE"]
[SourceTitle "CBM 179 Extra"]
[Source "ChessBase"]
[SourceDate "2017.08.23"]
[SourceVersion "1"]
[SourceVersionDate "2017.08.23"]
[SourceQuality "1"]
[WhiteTeam "Thomas Georgiou"]
[BlackTeam "Patron SO"]
[WhiteTeamCountry "GRE"]
[BlackTeamCountry "GRE"]

1. d4 Nf6 2. c4 e6 3. Nf3 Bb4+ 4. Nbd2 b6 5. e3 Bb7 6. Bd3 Bxd2+ 7. Qxd2 Ne4 8. Qc2 f5 9. b3 0-0 10. Bb2 d6 11. 0-0-0 Nd7 12. Ne1 Qe7 13. f3 Nef6 14. Qe2 a5 15. Nc2 a4 16. b4 a3 17. Ba1 c5 18. e4 fxe4 19. fxe4 cxb4 20. e5 dxe5 21. dxe5 Ne8 22. Bxh7+ Kxh7 23. Qd3+ Kh8 24. Qxd7 Qg5+ 25. Qd2 Qxg2 26. Qxg2 Bxg2 27. Rhg1 Rf2 28. Bd4 Re2 29. Rd2 Bf3 30. Rg3 Rxd2 31. Kxd2 Be4 32. Nxb4 Rc8 33. Rc3 Rb8 34. Rxa3 b5 35. Na6 Ra8 36. cxb5 Nc7 37. Rh3+ Kg8 38. Nxc7 Rxa2+ 39. Ke1 Ra4 40. Bc3 Rc4 41. Ne8 Rc5 42. Nd6 Bd5 43. Kd2 Bc4 44. b6 1-0

[Event "GRB-ch Universities"]
[Site "Birmingham"]
[Date "2017.02.25"]
[Round "2.4"]
[White "Stamatopoulos, Apostolos"]
[Black "Payne, Matthew"]
[Result "0-1"]
[WhiteElo "1808"]
[BlackElo "2100"]
[PlyCount "122"]
[EventDate "2017.02.25"]
[EventType "team-swiss"]
[EventRounds "5"]
[EventCountry "ENG"]
[SourceTitle "CBM 177 Extra"]
[Source "ChessBase"]
[SourceDate "2017.04.27"]
[SourceVersion "1"]
[SourceVersionDate "2017.04.27"]
[SourceQuality "1"]
[WhiteTeam "UCL"]
[BlackTeam "Bath"]
[WhiteTeamCountry "ENG"]
[BlackTeamCountry "ENG"]

1. d4 Nf6 2. Nf3 g6 3. c4 Bg7 4. Bf4 d6 5. h3 0-0 6. Nc3 c5 7. e3 Nbd7 8. Be2 b6 9. 0-0 Bb7 10. Qc2 Qe8 11. Rfd1 h6 12. a3 cxd4 13. exd4 Nh5 14. Bh2 f5 15. d5 Bf6 16. Nb5 Qc8 17. Nbd4 Ng7 18. Bf4 Kh7 19. h4 Ne5 20. Qc1 Ng4 21. g3 Be5 22. Bd2 a5 23. Nc2 Qc5 24. Ne3 h5 25. Nxe5 dxe5 26. Nxg4 hxg4 27. Qc3 Qd6 28. b4 e6 29. Be3 exd5 30. cxd5 f4 31. Bc1 axb4 32. axb4 Rxa1 33. Qxa1 fxg3 34. fxg3 Nf5 35. Bxg4 Nd4 36. Qa2 Bxd5 37. Qa7+ Rf7 38. Qa3 Qf6 39. Qe3 Bb3 40. Rd2 Qf1+ 41. Kh2 Qxc1 42. Qg5 Bd5 43. Bd1 Qxd1 44. Rxd1 Nf3+ 45. Kh3 Nxg5+ 46. hxg5 Rd7 47. Re1 e4 48. Kg4 Kg7 49. Kf4 Re7 50. Rd1 e3 51. Re1 Re4+ 52. Kf3 Rxb4+ 53. Ke2 Rb3 54. Rc1 Kf7 55. Rc7+ Ke6 56. Rc1 Kf5 57. Rf1+ Kxg5 58. Rf4 b5 59. Rd4 Bc4+ 60. Kf3 e2+ 61. Kf2 Rf3+ 0-1

[Event "GRE-ch U16"]
[Site "Greece"]
[Date "2014.07.08"]
[Round "7"]
[White "Stamatopoulos, Apostolos"]
[Black "Bozanis, Dimitrios"]
[Result "1-0"]
[WhiteElo "1780"]
[BlackElo "1609"]
[PlyCount "113"]
[EventDate "2014.07.04"]
[EventType "swiss"]
[EventRounds "9"]
[EventCountry "GRE"]
[SourceTitle "EXT 2017"]
[Source "ChessBase"]
[SourceDate "2016.10.25"]
[SourceVersion "1"]
[SourceVersionDate "2016.10.25"]
[SourceQuality "1"]

1. e4 c6 2. Nc3 d5 3. Nf3 Bg4 4. h3 Bxf3 5. Qxf3 e6 6. Qg3 g6 7. Be2 Bg7 8. h4 h5 9. d3 Nd7 10. 0-0 Ne7 11. Bg5 0-0 12. Qh3 f5 13. exf5 exf5 14. Rfe1 Bf6 15. Qg3 Kh7 16. Bf3 Bxg5 17. hxg5 f4 18. Qh4 Nf5 19. Qxf4 d4 20. Ne4 Ne3 21. Qd6 Nxc2 22. Bxh5 Nxe1 23. Qxg6+ Kh8 24. Qh6+ Kg8 25. Rxe1 Qe7 26. Nf6+ Rxf6 27. Rxe7 Rxh6 28. gxh6 Nc5 29. h7+ Kh8 30. Bg6 a5 31. g4 a4 32. a3 b5 33. Kg2 Nb3 34. Re8+ Rxe8 35. Bxe8 Nc1 36. Bxc6 Nxd3 37. Bxb5 Nxb2 38. Kf1 Nd1 39. Bxa4 Nc3 40. Bc2 Nd5 41. Ke1 Nf6 42. g5 Ng4 43. Ke2 Ne5 44. f4 d3+ 45. Bxd3 Nc6 46. Ke3 Ne7 47. Be4 Nc8 48. g6 Nb6 49. Kd4 Nc8 50. f5 Nd6 51. Kd5 Ne8 52. Ke5 Kg7 53. Bc6 Nc7 54. f6+ Kh8 55. f7 Kg7 56. h8Q+ Kxh8 57. f8Q# 1-0

[Event "GRE-ch U16"]
[Site "Greece"]
[Date "2014.07.05"]
[Round "2"]
[White "Korniotis, Filippos"]
[Black "Stamatopoulos, Apostolos"]
[Result "1-0"]
[WhiteElo "1965"]
[BlackElo "1780"]
[PlyCount "69"]
[EventDate "2014.07.04"]
[EventType "swiss"]
[EventRounds "9"]
[EventCountry "GRE"]
[SourceTitle "EXT 2017"]
[Source "ChessBase"]
[SourceDate "2016.10.25"]
[SourceVersion "1"]
[SourceVersionDate "2016.10.25"]
[SourceQuality "1"]

1. d4 Nf6 2. Nf3 e6 3. e3 c5 4. Bd3 Nc6 5. 0-0 d5 6. b3 Be7 7. Bb2 0-0 8. Nbd2 b6 9. Ne5 Bb7 10. a3 Qc7 11. Qe2 Bd6 12. f4 Ne7 13. Rad1 Ne4 14. Bxe4 dxe4 15. Ndc4 Rad8 16. Nxd6 Qxd6 17. dxc5 Qc7 18. cxb6 axb6 19. Nc4 Ba6 20. Rd4 Rxd4 21. Bxd4 Nf5 22. Rd1 f6 23. Rd2 Rb8 24. Ba1 Rc8 25. Bd4 Nd6 26. Bxb6 Qc6 27. Rxd6 Qb5 28. Qd1 Rc6 29. a4 Rxd6 30. Qxd6 Qf5 31. Bc5 h6 32. Qxa6 Qxc5 33. Qa8+ Kf7 34. Qb7+ Kg8 35. Qxe4 1-0

[Event "GRE-chT 41st"]
[Site "Achaia"]
[Date "2013.07.03"]
[Round "3.8"]
[White "Stamatopoulos, Apostolos"]
[Black "Aznaouridis, Sokratis Panagiot"]
[Result "1-0"]
[WhiteElo "1756"]
[BlackElo "1933"]
[PlyCount "69"]
[EventDate "2013.07.02"]
[EventType "team-swiss"]
[EventRounds "7"]
[EventCountry "GRE"]
[SourceTitle "CBM 155 Extra"]
[Source "ChessBase"]
[SourceDate "2013.08.26"]
[SourceVersion "1"]
[SourceVersionDate "2013.08.26"]
[SourceQuality "1"]
[WhiteTeam "Patron CN"]
[BlackTeam "AEK"]
[WhiteTeamCountry "GRE"]
[BlackTeamCountry "GRE"]

1. d4 Nf6 2. Nf3 c5 3. e3 e6 4. Nbd2 Be7 5. b3 cxd4 6. exd4 0-0 7. Bb2 b6 8. Bd3 Bb7 9. 0-0 d6 10. Qe2 Nd5 11. Qe4 f5 12. Qxe6+ Kh8 13. Rfe1 Rf6 14. Qe2 Nc6 15. Bc4 Nf4 16. Qe3 Ng6 17. d5 Nce5 18. Nxe5 dxe5 19. Nf3 b5 20. Bxb5 Qxd5 21. c4 Qf7 22. Bxe5 f4 23. Qe2 Rf5 24. Bd7 Rf8 25. Be6 Qe8 26. Bxf5 Rxf5 27. Bd6 Rf7 28. Ng5 f3 29. gxf3 Nh4 30. Nxf7+ Qxf7 31. Qxe7 Qg6+ 32. Kf1 Qg2+ 33. Ke2 Qxf3+ 34. Kd2 Qxf2+ 35. Kc3 1-0

[Event "GRE-chT U16"]
[Site "Patras"]
[Date "2012.12.16"]
[Round "3.1"]
[White "Stamatopoulos, Apostolos"]
[Black "Papakonstantinou, Dimitrios"]
[Result "0-1"]
[WhiteElo "1743"]
[BlackElo "2157"]
[PlyCount "68"]
[EventDate "2012.12.15"]
[EventType "team"]
[EventRounds "5"]
[EventCountry "GRE"]
[SourceTitle "EXT 2020"]
[Source "ChessBase"]
[SourceDate "2019.10.17"]
[SourceVersion "1"]
[SourceVersionDate "2019.10.17"]
[SourceQuality "1"]

1. d4 Nf6 2. c4 g6 3. Nc3 Bg7 4. e4 d6 5. Nge2 0-0 6. Ng3 c5 7. d5 e6 8. Be2 exd5 9. cxd5 Na6 10. 0-0 Nc7 11. Be3 Re8 12. f4 h5 13. Qc2 h4 14. Nh1 Nfxd5 15. Nxd5 Nxd5 16. Bxc5 dxc5 17. exd5 Bd4+ 18. Nf2 Qxd5 19. Bc4 Qc6 20. Qb3 Be6 21. Bxe6 Rxe6 22. Qh3 Re2 23. Qxh4 Rae8 24. Rad1 Qe4 25. h3 Qc2 26. Rxd4 cxd4 27. f5 Qxf5 28. Qxd4 Re1 29. g4 Qf3 30. Qd6 R8e2 31. Qd8+ Kg7 32. Qd4+ Kh7 33. Rxe1 Rxe1+ 34. Kh2 Rf1 0-1

[Event "Paleochora op 5th"]
[Site "Paleochora"]
[Date "2012.07.16"]
[Round "1"]
[White "Sivuk, Vitaly"]
[Black "Stamatopoulos, Apostolos"]
[Result "1-0"]
[WhiteElo "2467"]
[BlackElo "1723"]
[PlyCount "59"]
[EventDate "2012.07.16"]
[EventType "swiss"]
[EventRounds "9"]
[EventCountry "GRE"]
[SourceTitle "CBM 149 Extra"]
[Source "ChessBase"]
[SourceDate "2012.08.24"]
[SourceVersion "1"]
[SourceVersionDate "2012.08.24"]
[SourceQuality "1"]

1. d4 Nf6 2. c4 e6 3. Nf3 Bb4+ 4. Nc3 b6 5. Qb3 Bxc3+ 6. Qxc3 Ne4 7. Qc2 Bb7 8. g3 f5 9. Bg2 Qf6 10. 0-0 0-0 11. b3 d6 12. Bb2 Nd7 13. Ne1 Qh6 14. Nd3 g5 15. c5 bxc5 16. dxc5 Ndxc5 17. Nxc5 Nxc5 18. Bxb7 Nxb7 19. Qxc7 Rf7 20. Qc6 Qg6 21. Rad1 Rd8 22. b4 a5 23. bxa5 Rfd7 24. a6 Nc5 25. Ba3 Qf7 26. Bxc5 dxc5 27. Rxd7 Qxd7 28. Qxd7 Rxd7 29. Rb1 Ra7 30. Rb8+ 1-0

[Event "GRE-ch U14"]
[Site "Rio Achaia"]
[Date "2012.06.25"]
[Round "2.2"]
[White "Stamatopoulos, Apostolos"]
[Black "Papadopoulos, Georgios Vas"]
[Result "0-1"]
[WhiteElo "1733"]
[BlackElo "2036"]
[PlyCount "100"]
[EventDate "2012.06.24"]
[EventType "swiss"]
[EventRounds "7"]
[EventCountry "GRE"]
[SourceTitle "EXT 2024"]
[Source "ChessBase"]
[SourceDate "2023.10.10"]
[SourceVersion "1"]
[SourceVersionDate "2023.10.10"]
[SourceQuality "1"]

1. e4 c5 2. Nc3 d6 3. f4 Nc6 4. Nf3 g6 5. Bb5 Bd7 6. 0-0 Bg7 7. d3 e6 8. Qe1 Nge7 9. a3 Nd4 10. Bxd7+ Qxd7 11. Nxd4 cxd4 12. Ne2 0-0 13. c3 dxc3 14. Nxc3 Rac8 15. Rf3 Qc6 16. f5 exf5 17. Qh4 Qb6+ 18. Kf1 Rxc3 19. bxc3 Bxc3 20. Qxe7 Bxa1 21. exf5 Qb1 22. Qe1 Rc8 23. Bd2 Qxe1+ 24. Kxe1 Kg7 25. fxg6 hxg6 26. Rf4 Be5 27. Rb4 Rc7 28. g3 a6 29. d4 Bf6 30. Bf4 Re7+ 31. Kd2 d5 32. Be3 Rd7 33. Rb1 b5 34. a4 bxa4 35. Ra1 Rb7 36. Rxa4 Rb2+ 37. Kd3 Rxh2 38. Rxa6 Rh3 39. Bf4 Bh4 40. Be5+ f6 41. Ra7+ Kh6 42. Bf4+ g5 43. Be3 Rxg3 44. Rd7 f5 45. Ke2 f4 46. Bc1 Kh5 47. Rxd5 Kg4 48. Rc5 f3+ 49. Ke3 Rg1 50. Rc2 f2 0-1

[Event "GRE-ch U14"]
[Site "Eretria"]
[Date "2011.06.26"]
[Round "2.5"]
[White "Kalogeris, Ioannis"]
[Black "Stamatopoulos, Apostolos"]
[Result "1-0"]
[WhiteElo "1847"]
[BlackElo "1654"]
[PlyCount "101"]
[EventDate "2011.06.25"]
[EventType "swiss"]
[EventRounds "9"]
[EventCountry "GRE"]
[SourceTitle "EXT 2024"]
[Source "ChessBase"]
[SourceDate "2023.10.10"]
[SourceVersion "1"]
[SourceVersionDate "2023.10.10"]
[SourceQuality "1"]

1. e4 c5 2. Nf3 Nc6 3. d4 cxd4 4. Nxd4 e5 5. Nb5 d6 6. N1c3 a6 7. Na3 Be6 8. Nc4 Rb8 9. a4 Be7 10. Be3 Nf6 11. Bb6 Qd7 12. Qd2 Nxe4 13. Nxe4 d5 14. 0-0-0 dxe4 15. Qxd7+ Bxd7 16. Nd6+ Bxd6 17. Rxd6 Bf5 18. Bc4 0-0 19. c3 Ne7 20. Rd2 Rbc8 21. b3 Rc6 22. a5 Rcc8 23. Kb2 h6 24. Re1 Nc6 25. h3 h5 26. h4 Rfe8 27. Rd6 Nb8 28. Bd5 Nc6 29. Bxe4 Bxe4 30. Rxe4 Re7 31. Re2 f6 32. b4 Rce8 33. Red2 Re6 34. Rd7 R6e7 35. Bc5 Rxd7 36. Rxd7 Rb8 37. Kb3 Kh7 38. Kc4 Kg6 39. Kd5 Kf5 40. Bd6 Rd8 41. Rxb7 Nd4 42. cxd4 exd4 43. Rc7 d3 44. Rc3 Re8 45. Rxd3 Re2 46. Rf3+ Kg6 47. Bc5 Re5+ 48. Kc6 Re6+ 49. Kb7 f5 50. Re3 Rf6 51. Bb6 1-0

[Event "GRE-ch U12"]
[Site "Kallithea"]
[Date "2010.06.28"]
[Round "4"]
[White "Kourkoulos Arditis, Stamatis"]
[Black "Stamatopoulos, Apostolos"]
[Result "1-0"]
[WhiteElo "1924"]
[BlackElo "1574"]
[PlyCount "43"]
[EventDate "2010.06.26"]
[EventType "swiss"]
[EventRounds "9"]
[EventCountry "GRE"]
[SourceTitle "EXT 2012"]
[Source "ChessBase"]
[SourceDate "2011.11.24"]
[SourceVersion "1"]
[SourceVersionDate "2011.11.24"]
[SourceQuality "1"]

1. e4 d5 2. exd5 Qxd5 3. Nc3 Qa5 4. Bc4 Nf6 5. d4 Nc6 6. Nge2 Bf5 7. Bd2 Nb4 8. 0-0 Bxc2 9. Qc1 Bd3 10. a3 Bxc4 11. axb4 Qh5 12. Nf4 Qg4 13. Re1 Qd7 14. Na4 Bd5 15. Nc5 Qc6 16. Nfd3 Bxg2 17. b5 Qxb5 18. Kxg2 b6 19. Na6 Qd5+ 20. Kg1 Qxd4 21. Qc6+ Kd8 22. Qxa8+ 1-0